00326nam a2200157Ia 4500008004100000041000800041100000900049245001500058260001700073300000800090365001300098500000900111520001900120650001000139999001900149230605s9999 xx 000 0 und d aeng asano asushi slim bQuantum pub  a128 b1265h10 a2099 aReference Copy aF. P. c419229d419229